Statistics for Fortnite Guns Quiz

Click here to take the quiz!

General Stats

  • This quiz has been taken 5,989 times
    (5,792 since last reset)
  • The average score is 25 of 52

Answer Stats

HintAnswer% Correct
GreyAssault Rifle
97%
GreenAssault Rifle
97%
BlueAssault Rifle
97%
PurpleAssault Rifle
97%
GoldAssault Rifle
97%
BluePump Shotgun
90%
GreenPump Shotgun
90%
GreenTactical Shotgun
80%
GreyTactical Shotgun
80%
BlueTactical Shotgun
80%
BluePistol
72%
GreenPistol
72%
GreyPistol
72%
PurpleBolt Action Sniper
63%
BlueBolt Action Sniper
63%
GoldBolt Action Sniper
63%
PurpleRocket Launcher
60%
BlueRocket Launcher
60%
GoldRocket Launcher
60%
PurpleBurst Assault Rifle
53%
GoldBurst Assault Rifle
53%
GreenBurst Assault Rifle
51%
GreyBurst Assault Rifle
51%
BlueBurst Assault Rifle
51%
BlueGrenade Launcher
40%
PurpleGrenade Launcher
40%
GoldGrenade Launcher
40%
PurpleHeavy Shotgun
36%
GoldHeavy Shotgun
36%
GoldSemi-auto Sniper
36%
PurpleSemi-auto Sniper
36%
GoldHand Cannon
31%
PurpleHand Cannon
31%
GreenHunting Rifle
31%
BlueHunting Rifle
31%
GreenTactical SMG
29%
BlueTactical SMG
29%
PurpleTactical SMG
29%
GreenRevolver
27%
GreyRevolver
27%
BlueRevolver
27%
GoldMinigun
25%
PurpleMinigun
25%
BlueLight Machine Gun
19%
PurpleLight Machine Gun
19%
PurpleAssault Rifle with Scope
16%
BlueAssault Rifle with Scope
16%
GreySilenced SMG
12%
GreenSilenced SMG
12%
BlueSilenced SMG
12%
GoldSuppressed Pistol
11%
PurpleSuppressed Pistol
11%

Score Distribution

Percentile by Number Answered

Percent of People with Each Score

Your Score History

You have not taken this quiz since the last reset